Formuje sa vyrovnaný stred 1. liga basketbalistov - 11. kolo: Ivan nastrieľal Komárnu 30 bodov

Bibliographic Details
Format: Article
Language:Slovak
PhysicalDescription:Fotogr.
ISSN:0139-7001
Subjects:

MARC

LEADER 00000nab a2200000 a 4500
001 vtls000777882
003 SK-MaSNL
005 20260302152844.0
008 180206c2001 xo 0 slo
015 |a SNBRB2001/12-36382 
035 |a CLN000129663 
040 |a SNKBUCL  |b slo  |c SNKBUCL  |e AACR2 
041 0 |a slo 
044 |a xo  |c SK 
080 |a 796.323.093.1  |2 UDC-MRF-SK2 
245 0 0 |a Formuje sa vyrovnaný stred  |b 1. liga basketbalistov - 11. kolo: Ivan nastrieľal Komárnu 30 bodov 
300 |b Fotogr. 
650 0 7 |a basketbal  |x muži  |x liga 1.  |y sezóna 2001/2002  |x kolo 11.  |2 snkbucl  |9 846921 
655 7 |a články z novín a časopisov  |2 snkbucl  |9 267496 
773 0 |x 0139-7001  |t Šport  |g Roč. 55, č. 283 (10.12.2001), s. 12 
850 |a Slovenská národná knižnica v Martine 
852 |a SNK  |b KIS3GCP 
958 |a RBX 
999 |c 1363697  |d 1365627